<?xml version="1.0" encoding="UTF-8"?>
<record
    xmlns:xsi="http://www.w3.org/2001/XMLSchema-instance"
    xsi:schemaLocation="http://www.loc.gov/MARC21/slim http://www.loc.gov/standards/marcxml/schema/MARC21slim.xsd"
    xmlns="http://www.loc.gov/MARC21/slim">

  <leader>01523nam0a2200349 i 4500</leader>
  <controlfield tag="001">RU\NLR\BIBL_A\010022111</controlfield>
  <controlfield tag="005">20241115074015.0</controlfield>
  <datafield tag="010" ind1=" " ind2=" ">
    <subfield code="a">9785981565106</subfield>
    <subfield code="9">500</subfield>
  </datafield>
  <datafield tag="021" ind1=" " ind2=" ">
    <subfield code="a">RU</subfield>
    <subfield code="b">2013-92633</subfield>
    <subfield code="9">6416</subfield>
  </datafield>
  <datafield tag="035" ind1=" " ind2=" ">
    <subfield code="a">(NILC)RuMoRGB-006698482</subfield>
  </datafield>
  <datafield tag="035" ind1=" " ind2=" ">
    <subfield code="a">(NLR Aleph) 010022111</subfield>
  </datafield>
  <datafield tag="090" ind1=" " ind2=" ">
    <subfield code="a">9906600</subfield>
    <subfield code="c">9906600</subfield>
  </datafield>
  <datafield tag="100" ind1=" " ind2=" ">
    <subfield code="a">20140116d2013    u  y0rusy50      ca</subfield>
  </datafield>
  <datafield tag="101" ind1="0" ind2=" ">
    <subfield code="a">rus</subfield>
  </datafield>
  <datafield tag="102" ind1=" " ind2=" ">
    <subfield code="a">RU</subfield>
  </datafield>
  <datafield tag="105" ind1=" " ind2=" ">
    <subfield code="a">y|||z|||001yy</subfield>
  </datafield>
  <datafield tag="200" ind1="1" ind2=" ">
    <subfield code="a">&#x420;&#x43E;&#x441;&#x441;&#x438;&#x44F;, &#x433;&#x43E;&#x434; 1917-&#x439;: &#x43E;&#x442; &#x424;&#x435;&#x432;&#x440;&#x430;&#x43B;&#x44F; &#x43A; &#x41E;&#x43A;&#x442;&#x44F;&#x431;&#x440;&#x44E;, &#x438;&#x43B;&#x438; &#x417;&#x430;&#x43C;&#x435;&#x442;&#x43A;&#x438; &#x43E; &#x442;&#x43E;&#x43C;, &#x43A;&#x442;&#x43E; &#x438; &#x43A;&#x430;&#x43A; &#x441;&#x432;&#x435;&#x440;&#x433;&#x43D;&#x443;&#x43B; &#x43C;&#x43E;&#x43D;&#x430;&#x440;&#x445;&#x438;&#x44E;, &#x430; &#x437;&#x430;&#x442;&#x435;&#x43C; &#x43F;&#x440;&#x438;&#x432;&#x435;&#x43B; &#x43A; &#x432;&#x43B;&#x430;&#x441;&#x442;&#x438; &#x431;&#x43E;&#x43B;&#x44C;&#x448;&#x435;&#x432;&#x438;&#x43A;&#x43E;&#x432;</subfield>
    <subfield code="e">&#x444;&#x430;&#x43A;&#x442;&#x44B;. &#x421;&#x432;&#x438;&#x434;&#x435;&#x442;&#x435;&#x43B;&#x44C;&#x441;&#x442;&#x432;&#x430;. &#x41A;&#x43E;&#x43C;&#x43C;&#x435;&#x43D;&#x442;&#x430;&#x440;&#x438;&#x438;</subfield>
    <subfield code="f">&#x415;&#x432;&#x433;&#x435;&#x43D;&#x438;&#x439; &#x421;&#x438;&#x43A;&#x43E;&#x440;&#x441;&#x43A;&#x438;&#x439;</subfield>
  </datafield>
  <datafield tag="210" ind1=" " ind2=" ">
    <subfield code="a">&#x421;&#x43C;&#x43E;&#x43B;&#x435;&#x43D;&#x441;&#x43A;</subfield>
    <subfield code="c">&#x410;&#x432;&#x435;&#x440;&#x441;</subfield>
    <subfield code="d">2013</subfield>
  </datafield>
  <datafield tag="215" ind1=" " ind2=" ">
    <subfield code="a">588 &#x441;.</subfield>
    <subfield code="d">25</subfield>
  </datafield>
  <datafield tag="320" ind1=" " ind2=" ">
    <subfield code="a">&#x411;&#x438;&#x431;&#x43B;&#x438;&#x43E;&#x433;&#x440;. &#x432; &#x43F;&#x440;&#x438;&#x43C;&#x435;&#x447;.: &#x441;. 464-588</subfield>
  </datafield>
  <datafield tag="517" ind1="1" ind2=" ">
    <subfield code="a">&#x417;&#x430;&#x43C;&#x435;&#x442;&#x43A;&#x438; &#x43E; &#x442;&#x43E;&#x43C;, &#x43A;&#x442;&#x43E; &#x438; &#x43A;&#x430;&#x43A; &#x441;&#x432;&#x435;&#x440;&#x433;&#x43D;&#x443;&#x43B; &#x43C;&#x43E;&#x43D;&#x430;&#x440;&#x445;&#x438;&#x44E;, &#x430; &#x437;&#x430;&#x442;&#x435;&#x43C; &#x43F;&#x440;&#x438;&#x432;&#x435;&#x43B; &#x43A; &#x432;&#x43B;&#x430;&#x441;&#x442;&#x438; &#x431;&#x43E;&#x43B;&#x44C;&#x448;&#x435;&#x432;&#x438;&#x43A;&#x43E;&#x432;</subfield>
  </datafield>
  <datafield tag="607" ind1=" " ind2=" ">
    <subfield code="a">&#x420;&#x43E;&#x441;&#x441;&#x438;&#x44F;</subfield>
    <subfield code="x">&#x418;&#x441;&#x442;&#x43E;&#x440;&#x438;&#x44F;</subfield>
    <subfield code="z">1917</subfield>
    <subfield code="9">2250871</subfield>
    <subfield code="3">RU\NLR\AUTH\661350120</subfield>
  </datafield>
  <datafield tag="675" ind1=" " ind2=" ">
    <subfield code="a">94(47+57)&lt;1917&gt;</subfield>
  </datafield>
  <datafield tag="686" ind1="1" ind2=" ">
    <subfield code="a">&#x422;3(2) 524,02</subfield>
  </datafield>
  <datafield tag="686" ind1="1" ind2=" ">
    <subfield code="a">&#x422;3(2)711.1</subfield>
  </datafield>
  <datafield tag="700" ind1=" " ind2="1">
    <subfield code="a">&#x421;&#x438;&#x43A;&#x43E;&#x440;&#x441;&#x43A;&#x438;&#x439;</subfield>
    <subfield code="b">&#x415;. &#x410;.</subfield>
    <subfield code="g">&#x415;&#x432;&#x433;&#x435;&#x43D;&#x438;&#x439; &#x410;&#x43B;&#x435;&#x43A;&#x441;&#x430;&#x43D;&#x434;&#x440;&#x43E;&#x432;&#x438;&#x447;</subfield>
  </datafield>
  <datafield tag="801" ind1=" " ind2="0">
    <subfield code="a">RU</subfield>
    <subfield code="b">RuMoRKP</subfield>
    <subfield code="c">20131118</subfield>
    <subfield code="g">RCR</subfield>
  </datafield>
  <datafield tag="801" ind1=" " ind2="2">
    <subfield code="a">RU</subfield>
    <subfield code="b">&#x420;&#x413;&#x411;</subfield>
    <subfield code="c">20131128</subfield>
    <subfield code="g">rcr</subfield>
  </datafield>
  <datafield tag="942" ind1=" " ind2=" ">
    <subfield code="c">BOOK</subfield>
  </datafield>
  <datafield tag="980" ind1=" " ind2=" ">
    <subfield code="a">NBR</subfield>
  </datafield>
</record>
